<?xml version="1.0" encoding="UTF-8"?>
<collection xmlns="http://www.loc.gov/MARC21/slim">
 <record>
  <leader>01491cam a2200421 i 4500</leader>
  <controlfield tag="001">1/52384</controlfield>
  <controlfield tag="008">800703s1977    ja a         f000 0 eng  </controlfield>
  <datafield tag="010" ind1=" " ind2=" ">
   <subfield code="a">   80484017 </subfield>
  </datafield>
  <datafield tag="016" ind1=" " ind2=" ">
   <subfield code="a">(AMICUS)000002222976</subfield>
  </datafield>
  <datafield tag="035" ind1=" " ind2=" ">
   <subfield code="a">(OCoLC)06557340</subfield>
  </datafield>
  <datafield tag="035" ind1=" " ind2=" ">
   <subfield code="a">(OCoLC)ocm06557340 </subfield>
  </datafield>
  <datafield tag="040" ind1=" " ind2=" ">
   <subfield code="a">DLC</subfield>
   <subfield code="b">eng</subfield>
   <subfield code="c">DLC</subfield>
   <subfield code="d">NLGGC</subfield>
   <subfield code="d">OCLCG</subfield>
   <subfield code="d">OCLCO</subfield>
   <subfield code="d">OCLCF</subfield>
   <subfield code="d">OCLCQ</subfield>
   <subfield code="d">OCLCO</subfield>
   <subfield code="d">OCLCQ</subfield>
   <subfield code="d">NLC</subfield>
   <subfield code="d">OCLCQ</subfield>
   <subfield code="d">CEF</subfield>
   <subfield code="d">UAT</subfield>
   <subfield code="d">OCLCQ</subfield>
   <subfield code="d">OCLCO</subfield>
   <subfield code="d">OCLCQ</subfield>
   <subfield code="d">OCLCA</subfield>
   <subfield code="d">L2U</subfield>
  </datafield>
  <datafield tag="043" ind1=" " ind2=" ">
   <subfield code="a">a-ja---</subfield>
  </datafield>
  <datafield tag="045" ind1=" " ind2=" ">
   <subfield code="a">x5x7</subfield>
  </datafield>
  <datafield tag="050" ind1="0" ind2=" ">
   <subfield code="a">HD8726.5</subfield>
   <subfield code="b">.Y26 1977</subfield>
  </datafield>
  <datafield tag="055" ind1=" " ind2="5">
   <subfield code="a">HD*</subfield>
  </datafield>
  <datafield tag="082" ind1="0" ind2=" ">
   <subfield code="a">331/.0952</subfield>
   <subfield code="2">19</subfield>
  </datafield>
  <datafield tag="084" ind1=" " ind2=" ">
   <subfield code="a">85.63</subfield>
   <subfield code="2">bcl</subfield>
  </datafield>
  <datafield tag="090" ind1="0" ind2=" ">
   <subfield code="a">HD8726.5 .Y26</subfield>
  </datafield>
  <datafield tag="090" ind1=" " ind2="8">
   <subfield code="a">HD 8726.5 .Y35</subfield>
   <subfield code="b">SCC</subfield>
  </datafield>
  <datafield tag="090" ind1=" " ind2="8">
   <subfield code="a">HD 8726.5 .Y26</subfield>
   <subfield code="b">ROBA</subfield>
  </datafield>
  <datafield tag="090" ind1=" " ind2="8">
   <subfield code="a">HD 8726.5 .Y26</subfield>
   <subfield code="b">ROBA</subfield>
  </datafield>
  <datafield tag="090" ind1=" " ind2="8">
   <subfield code="a">HD 8726 .L3</subfield>
   <subfield code="b">SMC</subfield>
  </datafield>
  <datafield tag="090" ind1=" " ind2=" ">
   <subfield code="a">HD 8726.5 Y38+</subfield>
  </datafield>
  <datafield tag="100" ind1="1" ind2=" ">
   <subfield code="a">, Katsumi,</subfield>
   <subfield code="d">1918-2010.</subfield>
  </datafield>
  <datafield tag="245" ind1="1" ind2="0">
   <subfield code="a">Labor relations in Japan :</subfield>
   <subfield code="b">fundamental characteristics /</subfield>
   <subfield code="c">compiled and edited by Katsumi Yakabe.</subfield>
  </datafield>
  <datafield tag="250" ind1=" " ind2=" ">
   <subfield code="a">[2d ed.].</subfield>
  </datafield>
  <datafield tag="260" ind1=" " ind2=" ">
   <subfield code="a">[Tokyo] :</subfield>
   <subfield code="b">Ministry of Foreign Affairs,</subfield>
   <subfield code="c">1977.</subfield>
  </datafield>
  <datafield tag="300" ind1=" " ind2=" ">
   <subfield code="a">88 pages :</subfield>
   <subfield code="b">illustrations ;</subfield>
   <subfield code="c">21 cm</subfield>
  </datafield>
  <datafield tag="650" ind1=" " ind2="0">
   <subfield code="a">Industrial relations</subfield>
   <subfield code="z">Japan.</subfield>
  </datafield>
  <datafield tag="650" ind1=" " ind2="6">
   <subfield code="a">Relations industrielles</subfield>
   <subfield code="z">Japon.</subfield>
  </datafield>
  <datafield tag="650" ind1=" " ind2="7">
   <subfield code="a">85.63 industrial relations</subfield>
   <subfield code="2">bcl</subfield>
  </datafield>
  <datafield tag="650" ind1=" " ind2="7">
   <subfield code="a">Industrial relations</subfield>
   <subfield code="2">fast</subfield>
  </datafield>
  <datafield tag="650" ind1="1" ind2="7">
   <subfield code="a">Arbeidsverhoudingen</subfield>
   <subfield code="2">gtt</subfield>
  </datafield>
  <datafield tag="651" ind1=" " ind2="7">
   <subfield code="a">Japan</subfield>
   <subfield code="2">fast</subfield>
  </datafield>
  <datafield tag="710" ind1="1" ind2=" ">
   <subfield code="a">Japan.</subfield>
   <subfield code="b">Gaimushō.</subfield>
  </datafield>
  <datafield tag="776" ind1="0" ind2="8">
   <subfield code="i">Online version:</subfield>
   <subfield code="a">Yakabe, Katsumi, 1918-</subfield>
   <subfield code="t">Labor relations in Japan.</subfield>
   <subfield code="b">[2d ed.].</subfield>
   <subfield code="d">[Tokyo] : Ministry of Foreign Affairs, 1977</subfield>
   <subfield code="w">(OCoLC)729659542</subfield>
  </datafield>
  <datafield tag="960" ind1=" " ind2=" ">
   <subfield code="a">GEORGE</subfield>
  </datafield>
 </record>
</collection>
